Using Information Technology in Education as a Support of Traditional Teaching in a Classroom, KEGA 005EU-4/2018
Využívanie informačných technológií ako podpora tradičných foriem učenia. Učitelia a informačné technológie. Technológie vo výučbe cudzích jazykov.
Gespeichert in:
| 1. Verfasser: | |
|---|---|
| Format: | Buchkapitel |
| Sprache: | Englisch |
| Schlagworte: | |
| Tags: |
Keine Tags, Fügen Sie das erste Tag hinzu!
|
MARC
| LEADER | 00000naa a2200000 4500 | ||
|---|---|---|---|
| 001 | 0257169 | ||
| 005 | 20240502074101.1 | ||
| 041 | 0 | |a eng | |
| 044 | |a SK | ||
| 245 | 1 | 0 | |a Using Information Technology in Education as a Support of Traditional Teaching in a Classroom, KEGA 005EU-4/2018 |c Eva Stradiotová |
| 520 | |a Využívanie informačných technológií ako podpora tradičných foriem učenia. Učitelia a informačné technológie. Technológie vo výučbe cudzích jazykov. | ||
| 610 | 2 | 0 | |a vzdelávanie elektronické |
| 610 | 2 | 0 | |a vyučovanie |
| 610 | 2 | 0 | |a technológie informačné |
| 610 | 2 | 0 | |a technológie komunikačné |
| 610 | 2 | 0 | |a internet |
| 100 | 1 | |a Stradiotová, Eva, 1963- | |